| 000 | 00498nam a22001817a 4500 | ||
|---|---|---|---|
| 999 |
_c22441 _d22441 |
||
| 003 | BDDh-ASL | ||
| 005 | 20231015030131.0 | ||
| 008 | 210227s1960 enk||||| |||| 00| 0 eng d | ||
| 040 |
_aBDDh-ASL _cBDDh-ASL |
||
| 082 |
_a954 _bSMT |
||
| 100 | 1 |
_93224 _aSmith, C. Ross |
|
| 245 | 1 | 2 | _aA Time in India / |
| 260 |
_aLondon : _bMacdonald, _c1962. |
||
| 300 |
_a282 p. : _c22 cm. |
||
| 504 | _aIncludes bibliographical references and index. | ||
| 651 | 0 |
_9722 _aIndia _xHistory |
|
| 942 |
_2ddc _cBK |
||